Music Quiz

Random Music or Quote Quiz

Aerosmith Quotes Quiz Stats

 Plays Quiz not verified by Sporcle

Challenge
Share
Tweet
Embed
Score 0/26 Timer 10:00
0 Plays Today
Quote Song % Correct
'There's something right world today, and everybody knows it's wrong'Livin' on the Edge
88.1%
'You're wearing out things that nobody wears'Sweet Emotion
81%
'I think everything will be alright no matter what we do tonight'Pink
77.8%
'She had to take him down easy and put a bullet in his brain'Janie's Got a Gun
77.8%
'It was me she was foolin', she knew what she was doin''Walk This Way
72.3%
'You got to lose to know how to win'Dream On
71.4%
'I kind of hope we get stuck, nobody gets out alive'Love in an Elevator
69.1%
'Never judge a book by its cover'Dude (Looks Like a Lady)
64.3%
'Remember, the light at the end of the tunnel could be you'Amazing
61.1%
'Checkmate honey, you're the only one who's got to choose'Draw the Line
61.1%
'Coincidental murder, with nothing to show'Same Old Song and Dance
60%
'I don't wanna burn in paradise'What It Takes
58.8%
'Hate is in the city and love is in the meadow'Last Child
55.4%
Quote Song % Correct
'Oooh, it's a sunny day outside my window'Uncle Salty
47.8%
'You're heading down a one way street, and I've got to go the other way'One Way Street
46.2%
'Believe in all the good things that money just can't buy'Eat the Rich
45.5%
'Deja vu or what you please follows true to all who do or die'Kings and Queens
40.7%
'If you do what you've always done, you'll always get what you've always got'Get a Grip
37.8%
'I think love is love reflected'Full Circle
34.6%
'I could see in his eyes that we is goin' to trial'No Surprize
32.3%
'So, in all this time did you ever think do a girl see red where a man sees pink?'Outta Your Head
30.4%
'I forgot my name'Combination
29.1%
'It's an eye for an eye, a tooth for a tooth, they're so ruthless when they fight'Lightning Strikes
27.7%
'You never know what you've got until they take it away'Magic Touch
25.4%
'Does the voice in my head bother you?Something's Gotta Give
25.4%
'Where there's smoke there's fire, so I got to boot it out'She's on Fire
19.5%

You're not logged in!

Compare scores with friends on all Sporcle quizzes.
OR
Log In

You Might Also Like...

Show Comments

Extras

Created Sep 30, 2010ReportNominate
Tags:Quote Quiz, aerosmith

Top Quizzes Today


Score Distribution

Your Account Isn't Verified!

In order to create a playlist on Sporcle, you need to verify the email address you used during registration. Go to your Sporcle Settings to finish the process.

Report this User

Report this user for behavior that violates our Community Guidelines.

Details: